000 00298nam a22001337a 4500
008 170511b xxu||||| |||| 00| 0 eng d
020 _a9781859417553
041 _aeng
080 _26TH
_a34
100 _a15
101 _aSHJ
245 _aTHE ENGLISH LEGAL SYSTEM
_cSLAPPER, G
942 _2udc
_cBK
999 _c13130
_d13130